|
|
|
|
| LEADER |
00000nbm0a2200000 4500 |
| 001 |
11122 |
| 005 |
20231030183548.0 |
| 035 |
|
|
|a (RuTPU)RU\TPU\book\11193
|
| 035 |
|
|
|a BOOK00000027
|
| 090 |
|
|
|a 11122
|
| 100 |
|
|
|a 20011209d1996 k y0rusy50 ca
|
| 101 |
0 |
|
|a rus
|
| 102 |
|
|
|a RU
|
| 105 |
|
|
|a y p 000zy
|
| 200 |
1 |
|
|a Исследование процесса получения кристаллических осадков тетрафторида урана из диоксида урана
|e Отчет по НИР
|e Тема х/д 0-10/96
|f Томский политехнический университет
|
| 210 |
|
|
|a Томск
|d 1996
|
| 215 |
|
|
|a 70 л.
|
| 229 |
|
|
|a Тема х/д 0-10/96
|
| 327 |
1 |
|
|a Содерж: Исследование процесса получения кристаллических осадков тетрафторида урана из диоксида урана; Изучение процесса фторирования торированного вольфрама. Разработка технологии фторидной переработки торийсодержащих отходов вольфрама (заключительный отчет);Разработка технологии извлечения тория из отходов и рудных концентратов (заключительный отчет)
|
| 423 |
|
|
|t Изучение процесса фторирования торированного вольфрама. Разработка технологии фторидной переработки торийсодержащих отходов вольфрама (заключительный отчет)
|o Отчет о НИР
|c Томск
|n Б.и.
|d 1993
|p 32 л.
|
| 423 |
|
|
|t Разработка технологии извлечения тория из отходов и рудных концентратов (заключительный отчет)
|o Отчет по НИР
|c Томск
|n Б.и.
|d 1996
|p 52 л.
|
| 610 |
1 |
|
|a диоксид урана
|
| 610 |
1 |
|
|a фторид аммония
|
| 610 |
1 |
|
|a тетрафторид урана
|
| 610 |
1 |
|
|a аммонийпентафторид урана
|
| 610 |
1 |
|
|a термодинамика фторирования
|
| 610 |
1 |
|
|a отчеты о НИР
|
| 610 |
1 |
|
|a вольфрам
|
| 610 |
1 |
|
|a элементный фтор
|
| 610 |
1 |
|
|a кинетика
|
| 610 |
1 |
|
|a селективное осаждение
|
| 610 |
1 |
|
|a разделение
|
| 610 |
1 |
|
|a торий
|
| 610 |
1 |
|
|a хелатные соединения
|
| 675 |
|
|
|a 661.87(04)
|v 3
|
| 712 |
0 |
2 |
|a Томский политехнический университет
|2 stltpush
|3 (RuTPU)RU\TPU\col\376
|
| 801 |
|
0 |
|a RU
|b 63413507
|c 20011209
|g PSBO
|
| 801 |
|
2 |
|a RU
|b 63413507
|c 20040429
|g PSBO
|
| 942 |
|
|
|c BK
|